Every Premier League Goalscorer (2000/01) - Statistics

General Stats
  • This quiz has been taken 64 times
  • The average score is 84 of 264
Answer Stats
Player Club Goals % Correct
Thierry Henry Arsenal 17
95%
Alan Shearer Newcastle United 5
82%
Andy Cole Manchester United 9
79%
Ashley Cole Arsenal 3
77%
Joe Cole West Ham United 5
77%
Alan Wright Aston Villa 1
72%
Dennis Bergkamp Arsenal 3
72%
Jermaine Wright Ipswich Town 2
72%
Michael Owen Liverpool 16
72%
Robbie Fowler Liverpool 8
72%
Ryan Giggs Manchester United 5
72%
Teddy Sheringham Manchester United 15
72%
Tony Adams Arsenal 1
72%
Frank Lampard West Ham United 7
69%
Kevin Campbell Everton 9
69%
Patrick Vieira Arsenal 5
69%
Paul Scholes Manchester United 6
69%
Sol Campbell Tottenham Hotspur 2
69%
Steven Gerrard Liverpool 7
69%
Dion Dublin Aston Villa 8
67%
Gianfranco Zola Chelsea 9
67%
Jimmy Floyd Hasselbaink Chelsea 23
67%
Robbie Keane Leeds United 8
67%
Robert Pirès Arsenal 4
67%
Roy Keane Manchester United 2
67%
Alan Smith Leeds United 11
64%
David Beckham Manchester United 9
64%
Les Ferdinand Tottenham Hotspur 10
64%
Rio Ferdinand Leeds United 2
64%
Stephen Carr Tottenham Hotspur 3
64%
Dwight Yorke Manchester United 9
62%
Freddie Ljungberg Arsenal 6
62%
John Terry Chelsea 1
62%
Seth Johnson Derby County 1
62%
Emile Heskey Liverpool 14
59%
Mark Viduka Leeds United 17
59%
Phil Neville Manchester United 1
59%
Gary Neville Manchester United 1
56%
Kevin Phillips Sunderland 14
56%
Lee Dixon Arsenal 1
56%
Ole Gunnar Solskjær Manchester United 10
56%
Danny Murphy Liverpool 4
51%
Harry Kewell Leeds United 2
51%
Kevin Davies Southampton 1
51%
Matt Le Tissier Southampton 1
51%
Nicky Butt Manchester United 3
51%
Simon Davies Tottenham Hotspur 2
51%
Duncan Ferguson Everton 6
49%
Gustavo Poyet Chelsea 10
49%
Nwankwo Kanu Arsenal 3
49%
Paolo Di Canio West Ham United 9
49%
Ray Parlour Arsenal 4
49%
Sami Hyypiä Liverpool 3
49%
Sylvain Wiltord Arsenal 8
49%
Craig Bellamy Coventry City 6
46%
Gary McAllister Liverpool 5
46%
Laurén Arsenal 2
46%
Scott Parker Charlton Athletic 1
46%
Gary Speed Newcastle United 5
44%
Ian Taylor Aston Villa 4
44%
Michael Carrick West Ham United 1
44%
Darren Huckerby Manchester City 1
41%
Eiður Guðjohnsen Chelsea 10
41%
Kieron Dyer Newcastle United 5
41%
Lee Bowyer Leeds United 9
41%
Paul Ince Middlesbrough 2
41%
Stan Collymore Bradford City 2
41%
Stan Collymore Leicester City 1
41%
Darren Anderton Tottenham Hotspur 2
38%
David Ginola Aston Villa 3
38%
Dean Windass Bradford City 3
38%
Dean Windass Middlesbrough 2
38%
Dennis Wise Chelsea 3
38%
Frédéric Kanouté West Ham United 11
38%
Gareth Southgate Aston Villa 2
38%
Marcel Desailly Chelsea 2
38%
Marcus Stewart Ipswich Town 19
38%
Muzzy Izzet Leicester City 7
38%
Nolberto Solano Newcastle United 6
38%
Paul Merson Aston Villa 6
38%
Paulo Wanchope Manchester City 9
38%
Robbie Savage Leicester City 4
38%
Ronny Johnsen Manchester United 1
38%
Tim Sherwood Tottenham Hotspur 2
38%
Benito Carbone Bradford City 5
36%
Dean Richards Southampton 1
36%
Dietmar Hamann Liverpool 2
36%
James Beattie Southampton 11
36%
John Robinson Charlton Athletic 2
36%
Ledley King Tottenham Hotspur 1
36%
Lee Hendrie Aston Villa 6
36%
Niall Quinn Sunderland 7
36%
Nick Barmby Liverpool 2
36%
Nigel Winterburn West Ham United 1
36%
Patrik Berger Liverpool 2
36%
Paul Dickov Manchester City 4
36%
Darius Vassell Aston Villa 4
33%
David Thompson Coventry City 3
33%
Ian Harte Leeds United 7
33%
Matt Holland Ipswich Town 3
33%
Mikaël Silvestre Manchester United 1
33%
Quinton Fortune Manchester United 2
33%
Shola Ameobi Newcastle United 2
33%
Trevor Sinclair West Ham United 3
33%
Ashley Ward Bradford City 4
31%
George Boateng Aston Villa 1
31%
Ian Pearce West Ham United 1
31%
Juan Pablo Ángel Aston Villa 1
31%
Michael Ball Everton 3
31%
Steffen Iversen Tottenham Hotspur 2
31%
Stuart Pearce West Ham United 2
31%
Vladimír Šmicer Liverpool 2
31%
Alf-Inge Haaland Manchester City 3
28%
Alun Armstrong Ipswich Town 7
28%
Andrew O'Brien Newcastle United 1
28%
Chris Armstrong Tottenham Hotspur 2
28%
Claus Jensen Charlton Athletic 5
28%
Jesper Grønkjær Chelsea 1
28%
John Hartson Coventry City 6
28%
Markus Babbel Liverpool 3
28%
Mathias Svensson Charlton Athletic 6
28%
Shaun Bartlett Charlton Athletic 7
28%
Shaun Goater Manchester City 6
28%
Steve Guppy Leicester City 1
28%
Sylvinho Arsenal 2
28%
Tore André Flo Chelsea 3
28%
Wayne Bridge Southampton 1
28%
Chris Perry Tottenham Hotspur 1
26%
Colin Cooper Middlesbrough 2
26%
David Weir Everton 1
26%
Dean Sturridge Derby County 1
26%
Dean Sturridge Leicester City 3
26%
Francis Jeffers Everton 6
26%
Jari Litmanen Liverpool 1
26%
Jonatan Johansson Charlton Athletic 11
26%
Jonathan Woodgate Leeds United 1
26%
Julian Joachim Aston Villa 7
26%
Mark Fish Charlton Athletic 1
26%
Mark Kinsella Charlton Athletic 2
26%
Matt Elliott Leicester City 2
26%
Michael Gray Sunderland 1
26%
Richard Rufus Charlton Athletic 2
26%
Steve Lomas West Ham United 1
26%
Thomas Gravesen Everton 2
26%
Titus Bramble Ipswich Town 1
26%
Ade Akinbiyi Leicester City 9
23%
Andy Hunt Charlton Athletic 4
23%
Davor Šuker West Ham United 2
23%
Gilles Grimandi Arsenal 1
23%
Graham Stuart Charlton Athletic 5
23%
Jamie Clapham Ipswich Town 2
23%
Joseph-Désiré Job Middlesbrough 3
23%
Kevin Kilbane Sunderland 4
23%
Marians Pahars Southampton 9
23%
Mario Stanić Chelsea 2
23%
Mustapha Hadji Coventry City 6
23%
Niclas Alexandersson Everton 2
23%
Øyvind Leonhardsen Tottenham Hotspur 3
23%
Robbie Blake Bradford City 4
23%
Scot Gemmill Everton 2
23%
Sergiy Rebrov Tottenham Hotspur 9
23%
Steve Stone Aston Villa 2
23%
Alen Bokšić Middlesbrough 12
21%
Callum Davidson Leicester City 1
21%
Christian Ziege Liverpool 1
21%
Danny Tiatto Manchester City 2
21%
Dan Petrescu Bradford City 1
21%
Dan Petrescu Southampton 2
21%
Darryl Powell Derby County 1
21%
David Unsworth Everton 5
21%
Deon Burton Derby County 5
21%
Giorgi Kinkladze Derby County 1
21%
Hámilton Ricard Middlesbrough 4
21%
Hermann Hreiðarsson Ipswich Town 1
21%
Idan Tal Everton 2
21%
James Scowcroft Ipswich Town 4
21%
Jim Magilton Ipswich Town 1
21%
Mark Venus Ipswich Town 3
21%
Olivier Dacourt Leeds United 3
21%
Rory Delap Derby County 3
21%
Stefano Eranio Derby County 2
21%
Steve Howey Manchester City 6
21%
Ugo Ehiogu Middlesbrough 3
21%
Alex Rae Sunderland 2
18%
Brian Deane Middlesbrough 2
18%
Eirik Bakke Leeds United 2
18%
Gavin McCann Sunderland 3
18%
Hassan Kachloul Southampton 4
18%
Jamie Lawrence Bradford City 1
18%
Jason Dodd Southampton 1
18%
Lee Carsley Coventry City 2
18%
Martin Pringle Charlton Athletic 1
18%
Phil Stamp Middlesbrough 1
18%
Stuart McCall Bradford City 1
18%
Andy Todd Charlton Athletic 1
15%
Carl Cort Newcastle United 6
15%
Craig Burley Derby County 2
15%
Danny Cadamarteri Everton 4
15%
Dean Gordon Middlesbrough 2
15%
Don Hutchison Sunderland 8
15%
Émerson Thome Sunderland 1
15%
Eoin Jess Bradford City 3
15%
Gary Breen Coventry City 1
15%
Gary Naysmith Everton 2
15%
Gerard Wiekens Manchester City 2
15%
Gerry Taggart Leicester City 2
15%
Horacio Carbonari Derby County 1
15%
Julio Arca Sunderland 2
15%
Kevin Gallacher Newcastle United 2
15%
Kevin Horlock Manchester City 2
15%
Luc Nilis Aston Villa 1
15%
Luke Chadwick Manchester United 2
15%
Malcolm Christie Derby County 8
15%
Matt Oakley Southampton 1
15%
Peter Beagrie Bradford City 1
15%
Robert Molenaar Bradford City 1
15%
Samuele Dalla Bona Chelsea 2
15%
Stephen Clemence Tottenham Hotspur 1
15%
Trevor Benjamin Leicester City 1
15%
Alex Nyarko Everton 1
13%
Andy Myers Bradford City 1
13%
Christian Bassedas Newcastle United 1
13%
Christian Karembeu Middlesbrough 4
13%
Clarence Acuña Newcastle United 3
13%
Daniel Cordone Newcastle United 2
13%
David Wetherall Bradford City 1
13%
Fabian Wilnis Ipswich Town 2
13%
Gary Doherty Tottenham Hotspur 3
13%
Gary Rowett Leicester City 2
13%
George Weah Manchester City 1
13%
Jeff Whitley Manchester City 1
13%
John McGreal Ipswich Town 1
13%
Jo Tessem Southampton 4
13%
Marc Edworthy Coventry City 1
13%
Martijn Reuser Ipswich Town 6
13%
Paolo Vernazza Arsenal 1
13%
Spencer Prior Manchester City 1
13%
Stephen Glass Newcastle United 3
13%
Trond Egil Soltvedt Southampton 1
13%
Wayne Jacobs Bradford City 2
13%
Willem Korsten Tottenham Hotspur 3
13%
Alain Goma Newcastle United 1
10%
Branko Strupar Derby County 6
10%
Chris Riggott Derby County 3
10%
Danny Dichio Sunderland 1
10%
Darren Eadie Leicester City 2
10%
Gianluca Festa Middlesbrough 2
10%
John Eustace Coventry City 2
10%
Mark Burchill Ipswich Town 1
10%
Mark Draper Southampton 1
10%
Paul Boertien Derby County 1
10%
Richard Naylor Ipswich Town 1
10%
Stanislav Varga Sunderland 1
10%
Stefan Schwarz Sunderland 1
10%
Svetoslav Todorov West Ham United 1
10%
Tahar El Khalej Southampton 1
10%
Þórður Guðjónsson Derby County 1
10%
Arnar Gunnlaugsson Leicester City 3
8%
John Aloisi Coventry City 3
8%
Mark Summerbell Middlesbrough 1
8%
Patrice Carteron Sunderland 1
8%
Ysrael Zúñiga Coventry City 1
8%
Cédric Roussel Coventry City 2
5%
Simo Valakari Derby County 1
5%
No matching quizzes found
Score Distribution
Percent of People with Each Score
Percentile by Number Answered
Your Score History
You have not taken this quiz